000 00635nam a22002057a 4500
003 OSt
005 20250623062812.0
008 250623b |||||||| |||| 00| 0 eng d
020 _a978-621-406-223-2
040 _aDWCL - Main lib
_cOC
082 _aFil. 387.542 E74c 2019
100 _aEscabillas, Aisha Janinne Q.
245 _aCruise Tourism/
_cAisha Janinne Q. Escabillas
260 _aManila :
_bMindshapers co.,
_cc2019.
300 _avi , 120 pages :
_billustrations ;
_c25cm.
504 _aIncludes bibliographical references
650 _a1. Cruise lines
650 _a2. Ocean travel
942 _2ddc
_cBK - FIL
_kFil.
_n0
999 _c3239
_d3239